Statistics for Sorting Oceania Countries by Area, Altitude, Northernmost Point etc

Click here to take the quiz!

General Stats

  • This quiz has been taken 60 times
  • The average score is 49 of 84

Answer Stats

ANSWER % Correct
Australia (112°58'E)
91%
Marshall Islands (14°32'N)
89%
Kiribati (150°13'W)
89%
Australia (54°47'S)
87%
Federated States of Micronesia (10°05'N)
87%
Australia (7692024)
87%
New Zealand (52°37'S)
84%
Papua New Guinea (4509)
84%
Palau (08°10'N)
76%
Palau (131°07'26"E)
76%
New Zealand (3754)
76%
New Zealand (270467)
76%
Papua New Guinea (462840)
76%
Kiribati (02°03'N)
73%
Tonga (22°21'S)
71%
Papua New Guinea (01°15'S)
71%
Fiji (21°02'S)
69%
Federated States of Micronesia (137°30'E)
69%
Nauru (00°30'S)
69%
Vanuatu (20°15'S)
67%
Papua New Guinea (140°55'E)
67%
Samoa (14°04'S)
64%
Tuvalu (05°39'S)
64%
Kiribati (11°26'S)
64%
Australia (09°16'S)
64%
Tonga (173°43'W)
64%
New Zealand (29°13'S)
64%
Solomon Islands (05°13'S)
62%
New Zealand (169°52'11" W)
62%
Papua New Guinea (11°46'S)
62%
Fiji (178°15' W)
62%
Australia (2228)
62%
Marshall Islands (160°54'E)
60%
New Zealand (165°50'E)
60%
Solomon Islands (13º04'S)
60%
Tuvalu (179°51'E)
60%
Vanuatu (1877)
60%
Fiji (12°30'S)
60%
Solomon Islands (155°33'30"E)
58%
Nauru (166°53'E)
58%
Samoa (171°20'W)
58%
Tonga (15°36'S)
58%
Vanuatu (13°07'S)
58%
Fiji (18272)
58%
Marshall Islands (04°34'N)
58%
Palau (03°00'N)
56%
Solomon Islands (2335)
56%
Federated States of Micronesia (01°01'N)
56%
Solomon Islands (28896)
56%
Vanuatu (12189)
56%
Nauru (00°33'S)
53%
Samoa (1857)
53%
Samoa (13°25'S)
53%
Vanuatu (167°10'E)
53%
Kiribati (169°32'13"E)
51%
Federated States of Micronesia (791)
51%
Fiji (1324)
51%
Tuvalu (10°48'S)
51%
Kiribati (811)
51%
Tonga (1033)
49%
Samoa (2842)
49%
Vanuatu (170°13'E)
49%
Marshall Islands (172°09'E)
47%
Solomon Islands (170°10'E)
44%
Tonga (175°38'W)
44%
Kiribati (81)
44%
Fiji (177°05'E)
44%
Federated States of Micronesia (702)
44%
Palau (459)
44%
Federated States of Micronesia (163°01'E)
44%
Tuvalu (176°12'E)
42%
Australia (167°57' E)
42%
Tonga (747)
42%
Nauru (21)
42%
Palau (134°42'E)
42%
Samoa (172°48'W)
42%
Nauru (166°57'E)
40%
Papua New Guinea (159°24'E)
40%
Marshall Islands (181)
40%
Tuvalu (5)
40%
Tuvalu (26)
38%
Palau (242)
38%
Nauru (71)
38%
Marshall Islands (10)
36%

Score Distribution

Percentile by Number Answered

Percent of People with Each Score

Your Score History

You have not taken this quiz